00450nam a22001337a 4500008004100000040005500041080001600096245002600112260005500138500005400193650002500247653001900272700002500291230420b |||||||| |||| 00| 0 eng d aNational Science LibrarycNational Science Library a666.94 bK4 aChemistry of cements  aLondon: bAcademic Press Inc. (London) Ltd, c1964 aVol. 1 (1964; xi, 460p.) Vol. 2 (1964; xi, 442p.) aChemical technology  aRaw materials  aTaylor, H F W (Ed.)